| 000 | 00582nam a2200145 a 4500 | ||
|---|---|---|---|
| 008 | 120416s1961 ||||||||||||||||| || u | ||
| 050 | _aN 346.W3 Was | ||
| 245 | 0 | 0 | _aWashington School of Art course in drawing, illustration, design and cartooning and how to paint... |
| 260 |
_aPort Washington, N. Y. _bWashington School of Art _c1961 |
||
| 300 | _a22p. : ill. | ||
| 350 | _a0.00 | ||
| 650 | _aART | ||
| 650 | _aPAINTING | ||
| 995 |
_D0.00 _FCBU-MAIN LIBRARY (Kitwe) _H1 _I0.00 _UDAMAGED _WJun 5, 2009 _ZMain Library Open Access Collection |
||
| 999 |
_c61439 _d61439 |
||